00496cam a22001097a 4500008004000000082001700040245016200057260004400219300001000263650004400273700006900317180718b2003 xxu||||| |||| 00| 0 eng d aT39x54 Sch22 aSchedule of depb rates from 1st April 2002 to 31st March 2007 (as amended upto 31st March 20030cby Department of Commerce, Ministry of Commerce and Industry aDelhibController of Publicationsc2003 a94+p. aInternational trade - Government policy aIndia. Ministry of Commerce and Industry. Department of Commerce